[Event "Turnier 40 / 120"]
[Site "DESKTOP-NL3KVDB"]
[Date "2023.05.11"]
[Round "32"]
[White "Mephisto Phönix TM Vancouver - 36 MHZ"]
[Black "Millenium Chess Genius Pro - 120 MHZ"]
[Result "0-1"]
[BlackElo "2284"]
[WhiteElo "2287"]

{Analyse ----> Komodo 14.1.} 1. c4 e5 2. Nc3 Nc6 3. Nf3 Nf6 4. e4 Bc5
{Buchende} 5. Nxe5 Nxe5 {Buchbewertung MCGP: -0,20} 6. d4 Nxe4? {nicht
ideal, deutlich besser ist der noch im Buch von TM Vancouver gespeicherte
Zug Lb4} 7. Nxe4 {Buchbewertung TM Vancouver: +0,27 lt. Komodo steht Weiss
klar besser mit ca. +0,80} Bb4+ 8. Nc3 Nc6 9. Be2 O-O 10. O-O d6? {besser
ist Te8, nach dem Textzug steht Weiss bereits klar besser, Komodo -1,30}
11. Be3? {ein schlechter Zug, der den Grossteil des Vorteiles verspielt,
Komodo +0,50, nötig war Sd5} Ba5 {klar schwächer als Lxc3, Komodo -1,00}
12. d5 {schwächer als Ld3, Komodo +0,70} Ne5 13. f4 Ng6 {besser ist Sd7,
Komodo -0,80} 14. f5 Nh4 15. f6 Re8 16. Bd2 g6 17. g4 {besser ist Ld3,
Komodo +0,50} Bb6+? {ein ganz schlechter Zug, danach steht Weiss bereits
klar besser, Komodo -1,40, deutlich besser ist Te5} 18. Kh1 Be3??? {ein
absoluter Verlustzug, danach ist die Partie verloren, Komodo -3,50, nötig
war immer noch Te5} 19. Qc2?? {ein grottenschlechter Zug, der einen
Grossteil des Vorteiles verspielt, Komodo +1,00 (büsst ca. 2,5
Bauerneinheiten !! ein), gewonnen hätte Lxe3} g5 20. h3 Ng6? {ein
Verlustzug, danach ist die Partie wieder klar verloren, Komodo -2,00, nötig
war h6 mit ca. -1,00} 21. Bd3 Kf8??? {ein absoluter Verlustzug, danach ist
alles aus, Komodo -5,00, nötig war Sf4 mit ca. -2,00} 22. Bxg6 {klar
schwächer als Se4, aber völlig ausreichend, Komodo +4,30} fxg6? {die Partie
ist ohnehin verloren, aber besser schlägt man natürlich zur Mitte mit hxg6,
Komodo -5,00} 23. Rae1 Bxd2 24. Qxd2 Rxe1 25. Qxe1 {besser ist Txe1, aber
auch nach dem Textzug steht Weiss klar auf Gewinn, Komodo +4,20} Kf7 26.
Kg2 a6 27. b3 h6 28. a4??? {ein grottenschlechter Zug, der ganze 3
Bauerneinheiten !! einstellt, Komodo +2,00, sofort gewonnen hätte Db1, lt.
Komodo wäre dann schon Lxg4 nötig gewesen und hätte eine ganze Figur
eingebüsst.} b6??? {ein absoluter Verlustzug, der gleich wieder die 3
Bauerneinheiten ! retour schenkt, Komodo -5,00, nötig war Ld7} 29. Qf2???
{ein Katastrophenzug, der ganze 4 Bauerneinheiten !! einstellt, Komodo nur
noch +1,00, sofort gewonnen hätte Db1 mit +5,00} Bd7?? {völlig falsch
danach ist die Partie bereits wieder verloren, Komodo -2,70, nötig war Lb7}
30. b4?? {wieder mal eine Stellung, die beide Geräte hoffnungslos
überfordert, ein ganz schlechter Zug, der den Vorteil von Weiss fast
halbiert, Komodo +1,50, nötig war Se4} Rb8?? {hier werden ausschliesslich
grobe Fehlentscheidung getroffen, verliert wieder klar gegen Se4, Komodo
-3,50, nötig war Df8} 31. Kg3?? {aber beide Geräte haben keine Ahnung von
dieser Stellung, es geht weiter mit wechselseitigen Geschenken im ganz
groben Ausmass, der Textzug verschenkt ca. 2,5 Bauerneinheiten !, Komodo
nur noch +1,00, gewonnen hätte Se4} Qf8 32. b5? {ein schlechter Zug, weit
stärker ist Kg2} a5 33. Kh2? {einfach hilflos, sinnvoller erscheint
entweder Se4 oder Te1} Re8 34. Qf3 Re5 35. Ne4 h5?? {ein Verlustzug, danach
ist die Partie verloren, Komodo -2,20, nötig war De8} 36. Kg2? {ein
schlechter Zug, aber hier ist es praktisch unmöglich für einen Oldie diese
Nuancen der Stellung zu erkennen, selbst Komodo 14.1 hielt 1 Minute 20 Sek.
lang den Textzug für den besten Zug, in Wahrheit mehr als halbiert er
jedoch den Vorteil von Weiss, Komodo nur noch +0,80, gewonnen hätte Kg1 !,
aber gut das muss man aber auch mal sehen, das schafft wohl auch nur eine
Topengine, ehrlich wer sieht hier den Unterschied zu Kg2 ?, undurchschaubar
zumindest für mich.} Qh8?? {ein Verlustzug, danach ist die Partie verloren,
Komodo -3,50, aber die nötige Fortsetzung wird TM Vancouver nicht sehen, es
gewinnt c5 !, nötig war Lc8 mit ca. -1,00} 37. Rh1?? {war ja nicht anders
zu erwarten, der Textzug verschenkt fast alles, Komodo nur noch +0,80} Bc8
38. Rg1 Bd7? {ein schlechter Zug, deutlich besser ist De8, hier könnte
Weiss wieder klaren Vorteil erlangen wieder mit der Fortsetzung c5, Komodo
-1,80} 39. Rf1? {klar schwächer als c5, Komodo +1,20} Bc8 40. Rh1 Bd7 41.
Kg1?? {ein völlig absurder Zug, der nun Schwarz bereits klar in Vorteil
bringt, nötig war Tf1, Komodo -1,40} Qe8 42. gxh5 Kf8 43. Ng3??? {ein
absoluter Horrorzug, der die Partie sofort verliert, Komodo -12,00, nötig
war hxg6 mit ca. -1,30} Re3! {der richtige Zug, MCGP sieht aber noch nicht
den Gewinn, Bewertung nur +0,39 / Komodo +12,00} 44. Qf2 gxh5?? {eigentlich
auch ein Katastrophenzug, der ganze 8 Bauerneinheiten !! einbüsst, aber
Schwarz kann sich selbst das erlauben, Komodo +4,50, sofort gewonnen hätte
De5} 45. h4??? {einfach ahnungslos, verschenkt gleich wieder alles retour,
Komodo -14,00, nötig war Sf1} Qe5 46. Kg2 Bf5 47. Nxf5 Re2 {Rest geschenkt
/ eine Horrorpartie von TM Vancouver einfach Letztklassig !!!} 0-1
[/pgn]
[pgn]

[Event "Turnier 40 / 120"]
[Site "DESKTOP-NL3KVDB"]
[Date "2023.04.28"]
[Round "33"]
[White "Millenium Chess Genius Pro - 120 MHZ"]
[Black "Mephisto Phönix TM Vancouver - 36 MHZ"]
[Result "1/2-1/2"]
[BlackElo "2287"]
[WhiteElo "2284"]

{Analyse ----> Komodo 14.1.} 1. e4 d6 2. Nc3 c6 {Buchende} 3. g3 {Buchende}
e5 {Buchbewertung TM Vancouver: +0,09} 4. d4 {Buchbewertung MCGP: -0,09 /
lt. Komodo steht Weiss um eine Nuance besser mit ca. +0,30} exd4 5. Qxd4
Ne7? {ein schlechter Zug, danach steht Weiss bereits klar besser, Komodo
-1,20, deutlich besser ist Db6 mit ca. -0,60} 6. Bg5 {nicht optimal besser
ist Le3, Komodo +0,70} f6? {ein schlechter Zug, wieder war Db6 nötig,
Komodo -1,20} 7. Be3 Be6 8. Bc4 Bxc4 9. Qxc4 Ng6 {besser ist b5, nach dem
Textzug ist die Partie praktisch schon verloren, Komodo -1,70} 10. Nge2
{etwas besser ist f4, aber Weiss bleibt klar im Vorteil, Komodo +1,30} Ne5
11. Qb3 Nf3+ {ja das ist natürlich verlockend, da es die Rochade von Weiss
zerstört, bringt aber in Wahrheit gar nichts, da ja bereits auf g2 offen
ist für den König und die künstlich Rochade somit ganz einfach ist, besser
ist Dd7, Komodo -1,50} 12. Kf1 Qc8 13. Kg2 Ne5 14. Rhd1 {etwas besser ist
f4, aber Weiss bleibt klar im Vorteil, Komodo +1,40} Na6 15. Rac1? {ein
schwacher Zug, deutlich besser ist immer noch f4, Komodo +0,70} Nc5 16.
Bxc5 dxc5 17. Nb1! {der beste Zug} b5 18. Nf4? {ein schwacher Zug, danach
ist die Stellung bereits im Lot, deutlich besser ist f4} c4 19. Qe3 Be7 20.
Rd2 O-O 21. Rcd1 Re8 22. h3 Bd8 23. Qe2 Ba5 24. c3 f5 {Schwarz steht
bereits besser, Komodo +1,20} 25. f3 Bb6 26. Na3 fxe4 27. fxe4 a6? {ein
schlechter Zug der den Vorteil von Schwarz mehr als halbiert, deutlich
besser ist g5, Komodo +0,40} 28. Nc2 Ra7 29. Nd4 {klar schwächer als Se3,
Komodo -0,80} g6 30. a4 Rae7 31. axb5 axb5 32. Re1 Rf8 33. Rf1 Nf7 34. Rdd1
Rfe8 35. Rfe1 Ng5 36. e5 Bc7? {ein schlechter Zug, der den gesamten Vorteil
verspielt, Komodo 0,00, deutlich besser ist Da8 mit ca. +0,80 für Schwarz}
37. Qg4 Qxg4 38. hxg4 Rxe5 39. Rxe5 Bxe5 40. Nxc6 Nf7 41. Nxe5 Rxe5 42. Ra1
Nd6 43. Kf3 Ne4 44. Ra7 Nc5 45. Ra8+ Kg7 46. Rd8 Kh6 47. Nh3 g5 48. Rd6+
Kg7 49. Nf2 Kf7 50. Rh6 Na4 51. Rxh7+ Kg6 52. Rb7 Nxb2 53. Rb6+ Kg7 54.
Rb7+ Kh6 55. Rb6+ Kh7 56. Rb7+ Kh6 57. Rb6+ Kh7 58. Rb7+ Kh6
{Stellungswiederholung} 1/2-1/2
[/pgn]
[pgn]

[Event "Turnier 40 / 120"]
[Site "DESKTOP-NL3KVDB"]
[Date "2023.05.14"]
[Round "34"]
[White "Mephisto Phönix TM Vancouver - 36 MHZ"]
[Black "Millenium Chess Genius Pro - 120 MHZ"]
[Result "1-0"]
[BlackElo "2284"]
[WhiteElo "2287"]

{Analyse ----> Komodo 14.1.} 1. e4 c5 2. Nc3 Nc6 3. g3 g6 4. Bg2 Bg7 5. d3
{Buchende} Rb8 {Buchende} 6. Nf3 {Buchbewertung TM Vancouver: +0,12} d6
{Buchbewertung MCGP: +0,03 / lt. Komodo ist die Stellung etwa gleich} 7.
O-O Nf6 8. Bg5 O-O 9. Qd2 Bg4 10. h3 Bxf3 11. Bxf3 Qb6 12. Rab1 e6 13. Bg2
Nd4 14. Ne2 Rbc8 {Weiss steht etwas besser, Komodo +0,70} 15. c3 Nxe2+ 16.
Qxe2 a6 17. Rbd1 Nd7 18. Qd2 Rfe8 19. Be3 Rc7 20. d4 {nicht optimal, besser
ist f4, Komodo +0,30} cxd4 21. cxd4 Qb5 {nicht ideal, besser ist Tec8,
Komodo -0,70} 22. Rc1 Rec8 23. Rxc7 Rxc7 24. b3 d5 25. exd5 exd5 26. Re1
{besser ist Tc1, Komodo +0,50} Rc6 27. Bh6? {das ist natürlich ganz
schwach, damit ist jeglicher Vorteil dahin, Weiss sollte natürlich nicht
das Läuferpaar aufgeben, danach ist die Stellung im Lot} Re6 {nicht
optimal, etwas besser ist Lxh6, Komodo -0,50} 28. Bxg7 {besser ist Txe6,
die Stellung ist wieder im Lot} Kxg7 {besser ist Txe1+, Komodo -0,60} 29.
Bf3 {besser ist Txe6, die Stellung ist wieder im Lot} Rxe1+ 30. Qxe1 Qc6
31. Kg2 Qd6 32. Qe3 Nf6 33. g4 h6 34. h4 Qe6 35. Qf4 Ne4 36. Bxe4 dxe4 37.
Kg3 Qd5??? {ein absoluter Verlustzug, das kommende Bauernendspiel ist
sofort verloren für Schwarz, Komodo -5,00, nötig war Dc6 und die Stellung
ist Remis} 38. Qe5+! Qxe5+ 39. dxe5 g5 {MCGP: -0,56 sieht nur geringen
Nachteil} 40. hxg5 {TM Vancouver sieht nicht den geringsten Vorteil:
Bewertung 0,00 / Komodo +8,50} hxg5 41. f4 {TM Vancouver: +0,72} exf3
{MCGP: -0,90} 42. Kxf3 Kf8 {MCGP: -1,12} 43. Ke4 {TM Vancouver: +1,00} Ke8
44. Kf5 Ke7 {MCGP: -1,43} 45. b4 {TM Vancouver: +2,27 / Komodo +13,00} b6
{MCGP: -2,03} 46. a4 {TM Vancouver: +2,39} Kd7 {MCGP: -1,68} 47. Kf6 {TM
Vancouver: +6,48 / Komodo Matt in 28} Ke8 {MCGP: -4,03} 48. Kxg5 Ke7 {MCGP:
-5,81} 49. Kf5 {TM Vancouver: +6,96} Ke8 50. Kf6 Kf8 51. e6 fxe6 52. Kxe6
{Rest geschenkt} 1-0
[/pgn]
[pgn]

[Event "Turnier 40 / 120"]
[Site "DESKTOP-NL3KVDB"]
[Date "2023.05.16"]
[Round "35"]
[White "Millenium Chess Genius Pro - 120 MHZ"]
[Black "Mephisto Phönix TM Vancouver - 36 MHZ"]
[Result "1-0"]
[BlackElo "2287"]
[WhiteElo "2284"]

{Analyse ----> Komodo 14.1.} 1. d4 d5 2. Nf3 Nf6 3. c4 c6 4. e3 Bf5
{Buchende} 5. Nc3 e6 {Buchbewertung TM Vancouver: +0,12} 6. Nh4 Bg4 7. Qb3
b6 8. h3 {Buchende} Bh5 9. Bd3 {Buchbewertung MCGP: -0,14 / lt. Komodo
steht Weiss knapp besser mit ca. +0,30, besser wäre g4 gewesen mit ca.
+0,80} Ne4 10. Nf3 Bxf3 11. gxf3 Nxc3 12. Qxc3 Nd7 13. Rg1 g6 14. b3 Bg7
15. Bb2 O-O 16. Qc2 Qf6 17. Rg3 Rfc8 18. Rc1 Qd8 19. Qe2 Nf6 20. Kf1 Nh5
21. Rg4 Qf6 22. f4 Qe7 23. Rg1 Nf6 24. Qc2 Qb7 25. a3 c5 26. dxc5 Rxc5 27.
Bd4 Rcc8 28. Qb2 dxc4 29. Bxc4 Nh5 30. Bxg7 Nxg7 31. Ke1??? {ein ganz
schlechter Zug, danach ist Schwarz klar im Vorteil, Komodo -1,30, nötig war
Ke2 mit ca. -0,50} Qf3! {richtig, eben dieser Zug wäre nach Ke2 nicht
möglich gewesen} 32. Bf1 Rxc1+ 33. Qxc1 Qb7 {besser ist Td8, Komodo +1,00}
34. Qb2 Rc8 35. Bc4?? {ein Verlustzug, danach ist die Partie bereits
verloren, Komodo -2,10, nötig war Lg2 mit ca. -1,10} Nf5! 36. Ke2 Nh4 37.
Rg3 Rd8?? {ein grottenschlechter Zug, der den Grossteil des Vorteiles
verspielt, Komodo +0,70, gewonnen hätte hier bereits b5 mit ca. +2,30} 38.
Bd3 Qd7 39. Qc3 Nf5 40. Rg5? {ein schlechter Zug, nach Tg1 wäre die
Stellung fast schon im Lot gewesen mit nur minimalem Vorteil für Schwarz,
nach dem Textzug steht Schwarz wieder klar besser, Komodo -1,30} Nd6? {ein
schwacher Zug, der den Vorteil von Schwarz mehr als halbiert, Komodo +0,60,
deutlich besser ist Se7} 41. Qc2 {nicht ideal, besser ist Tg1, Komodo
-1,00} Rc8 42. Qb2 Qc6?? {ein ganz schlechter Zug, der den gesamten Vorteil
verspielt danach ist die Stellung im Lot, nötig war Se8 mit ca. +1,00} 43.
Qe5 Ne8 44. Bc4? {ein schwacher Zug, danach ist Schwarz wieder im Vorteil,
Komodo -1,20, nötig war Tg1 mit Ausgleich} Rd8? {die Stellung überfordert
beide Geräte, die hier nicht die optimalen Züge finden können, der Textzug
verspielt gleich wieder nahezu den gesamten Vorteil, Komodo +0,30,
deutlichen Vorteil versprach Dh1} 45. Rg1 Qd7 46. Kf3 Ng7 47. a4 Nf5 48.
Qf6 Qc6+ 49. Ke2 {die Stellung ist im Lot, Komodo 0,00} Rd6 50. Qe5 Nh4 51.
Rg3 Qd7 52. Qc3 Nf5 53. Rg1 Qc7 54. Qf6 Qc5 55. Bd3 Qd5 56. Qc3 Rc6 57. Qe5
Qxe5 58. fxe5 Rc5 59. f4 Rc3 60. Rb1 Kf8 61. Kd2 Rc7 62. Rg1 Ke7 63. Bc4
Rd7+ 64. Ke2 h5 65. Rc1 Rc7 66. Rd1 Rd7 67. Rxd7+ Kxd7 68. b4 Ng3+ 69. Kf3
Nf5 70. b5 Ke7 71. e4 Nd4+ 72. Ke3 Nc2+ 73. Kd2 Nd4 74. Kd3 Nf3 75. Ke3 Ne1
76. Be2 Ng2+ 77. Kf3 Ne1+ 78. Kf2 Nc2 79. h4 Kd7 80. Bd1 Nb4 81. Ke3 a6 82.
f5 a5 83. Kf4 Nd3+ 84. Kg5 Nxe5??? {ein absoluter Verlustzug, danach ist
die Partie sofort verloren, Komodo -6,00, Remis hätte exf5 gehalten.} 85.
fxg6 fxg6 86. Kf6 Kd6 87. Be2 Nd7+ 88. Kxg6 Ne5+ 89. Kxh5 Ke7 90. Kg5 Kf7
91. h5 Nd7 92. Bd3 Nc5 93. Bc2 Kg7 94. h6+ Kf7 95. h7 Kg7 96. h8=Q+ Kxh8
97. Kf6 {Rest geschenkt} 1-0
[/pgn]
[pgn]

[Event "Turnier 40 / 120"]
[Site "DESKTOP-NL3KVDB"]
[Date "2023.05.17"]
[Round "36"]
[White "Mephisto Phönix TM Vancouver - 36 MHZ"]
[Black "Millenium Chess Genius Pro - 120 MHZ"]
[Result "1/2-1/2"]
[BlackElo "2284"]
[WhiteElo "2287"]

{Analyse ----> Komodo 14.1.} 1. d4 Nf6 2. c4 e6 3. Nf3 d5 4. Bg5 Be7 5. Nc3
h6 6. Bh4 O-O 7. e3 b6 8. Bd3 {Buchende} Nbd7 9. cxd5 {Buchbewertung TM
Vancouver: +0,84 ? / viel zu optimistisch lt. Komodo ist die Stellung etwa
gleich} exd5 {Buchbewertung MCGP: sieht es ähnlich wie TM Vancouver und
sich auch klar im Nachteil -0,81 / etwas besser war Sxd5 lt. Komodo steht
Weiss nun knapp besser mit ca. +0,30} 10. O-O Bb7 11. Rc1 {TM Vancouver
wieder im Buch} c5 {Buchzug / Buchende} 12. Bf5 g6 13. Bxd7 Qxd7 14. dxc5
bxc5 15. Qa4? {Buchende / ein schlechter Buchzug, deutlich besser ist Lxf6
danach steht Schwarz bereits klar besser, Komodo -0,70} Qc7? {so aber
nicht, danach ist Weiss wieder leicht im Vorteil, Komodo -0,30, deutlich
besser ist Dxa4} 16. Bg3 {besser ist b4, nach dem Textzug ist die Stellung
im Lot} Qb6 17. Qa3? {ein schlechter Zug, danach steht Schwarz wieder klar
besser, Komodo -0,80, nötig war Dh4 mit Ausgleich} Rac8 18. Bf4 g5 19. Be5
Nd7 20. Bg3 Bf6 21. Rfd1? {der falsche Turm, deutlich besser ist Tcd1 mit
ca. -0,80, nach dem Textzug ist Weiss bereits auf verlorenem Posten, Komodo
-1,40} d4! 22. Na4? {ein Verlustzug, danach ist die Partie bereits klar
verloren, Komodo -2,50, deutlich mehr Widerstand leistet noch Sb1 mit ca.
-1,40} Qa6 23. Ne1 Rfe8! {MCGP spielt echt stark in dieser Phase, wieder
der beste Zug, Komodo +2,80 !!, er sieht aber selbst natürlich noch nicht
diesen bereits klaren Gewinn, Bewertung: +0,59} 24. Rc2 {TM Vancouver:
-0,81 / Komodo -3,00} Qb5? {MCGP: +0,96 / der Textzug ist allerdings klar
schwächer als h5 aber völlig ausreichend zum Gewinn, Komodo +2,30} 25. exd4
{klar vorzuziehen h3, Komodo -3,00} cxd4 26. Rxc8 Rxc8 27. f3 Bg7? {ein
schwacher Zug dennoch völlig ausreichend, deutlich besser ist g4 mit
bereits ca. +3,30, Komodo +2,10} 28. Nd3 Rc2? {ein schwacher Zug, deutlich
besser ist Lf8 oder g4, Komodo +1,40} 29. Qb3 Qxb3 30. axb3 Ba6 31. Nb4?
{ein Verlustzug, danach ist die Partie wieder klar verloren, Komodo -2,00,
deutlich mehr Widerstand leistet h3 mit ca. -1,40} Be2 32. Ra1 Rd2 33. Nc6
Rd1+? {ein schlechter Zug, der den Vorteil von Schwarz fast halbiert,
Komodo +1,10, deutlich besser ist Kh7} 34. Rxd1 Bxd1 35. Na5 d3 {etwas
voreilig, besser ist Sb6, Komodo +0,90} 36. Be1 Bd4+ {auch nicht optimal,
besser ist Lc2, Komodo +0,70} 37. Bf2 Bb6 {besser ist Le5, Komodo +0,40}
38. Nxb6 axb6 39. Nc4 Bxb3 {trotz des Mehrbauern ist das wegen der
unterschiedlichen Läufer nur noch schwer zu gewinnen, Komodo +0,40} 40. Nd2
Bd5 41. h4 f5 42. hxg5 hxg5 43. Bd4 Kf7 44. Kf2 f4 45. Ke1 Ke6 46. Nb1 g4
47. fxg4 Bxg2 48. Kd2 Kd5 49. Kc3? {ein schlechter Zug, deutlich besser ist
Lg1, danach ist Schwarz bereits klar im Vorteil, Komodo -1,40} b5 {besser
ist Lf3, Komodo +1,00} 50. Nd2 Bh3 51. Kxd3 Bxg4 52. Bf2 Ne5+ 53. Kc2 Be2
54. Nb3 Bd3+ 55. Kc3 b4+? {MCGP: +2,03, das ist natürlich völliger Unsinn,
gibt den vorletzten Bauern her, wie soll dann noch der letzte Bauer
verwertet werden, Weiss kann ja jederzeit eine Leichtfigur für diesen
hergeben, damit ist das Remis besiegelt, aber auch nach dem besseren Lc4
ist die Partie kaum zu gewinnen, aber das hätte noch Hoffnung offen
gelassen.} 56. Kxb4 {TM Vancouver: -1,57, beide Geräte wissen nicht, dass
die Partie nach Verlust des letzten Bauern von Schwarz Remis ist, Weiss
wird wohl eine Figur für diesen geben müssen, lt. Komodo ist es bereits
Remis: 0,00} Ng4 57. Bh4 f3 58. Kc3 f2 59. Nd2 f1=Q 60. Nxf1 {TM Vancouver:
-1,72} Bxf1 {MCGP: +2,25, Userentscheid: Remis, das ist natürlich nicht
mehr zu gewinnen.} 1/2-1/2
[/pgn]
[pgn]

[Event "Turnier 40 / 120"]
[Site "DESKTOP-NL3KVDB"]
[Date "2023.05.17"]
[Round "37"]
[White "Millenium Chess Genius Pro - 120 MHZ"]
[Black "Mephisto Phönix TM Vancouver - 36 MHZ"]
[Result "1-0"]
[BlackElo "2287"]
[WhiteElo "2284"]

{Analyse ----> Komodo 14.1.} 1. d4 d5 2. Bg5 Nf6 {Buchende} 3. e3
{Buchende} Bg4 {Buchbewertung TM Vancouver: 0,00} 4. Nf3 {Buchbewertung
MCGP: +0,20 / lt. Komodo ist die Stellung etwa gleich} e6 5. Bd3 Nbd7 6. h3
Bh5 7. Nbd2 c5 8. c3 Be7 9. O-O O-O 10. Bf4 Rc8 11. Qa4 a6 12. Ne5 Nxe5 13.
dxe5 Nd7 14. Qc2 Bg6 15. c4 {nicht optimal, besser ist Lxg6, Komodo -0,70}
Bxd3 16. Qxd3 Nb6 17. Qc2? {besser ist cxd5, Komodo -1,00} dxc4 {besser ist
Sxc4, Komodo +0,70} 18. Nxc4 {besser ist e4, Komodo -1,00} Nxc4 19. Qxc4
Qa5 20. Qe4 Qb5 21. Qc2 g6 22. Rfd1 Rcd8? {unlogisch, warum nicht den 2.
Turm ins Spiel bringen, besser ist natürlich Tfd8, Komodo +0,60} 23. b3
Rxd1+ 24. Rxd1 Rd8 {besser ist Dc6, nach dem Textzug ist Schwarz nur noch
knapp im Vorteil mit ca. +0,30} 25. Rxd8+ Bxd8 26. e4 Bc7 {besser ist Dc6,
die Stellung ist im Lot, Komodo 0,00} 27. Be3 b6 28. f4 g5 29. g3 Kg7 30.
Kg2 gxf4 31. gxf4 Qc6 32. Kf3 a5 33. Qc4 Bd8 34. Bf2 Qd7 35. Ke3 {ungenau,
besser ist Ke2} Be7? {verpasst mögliches Remis, nach Dd1 wäre Weiss nicht
mehr aus dem Schach gekommen} 36. Qd3 Qxd3+ {besser ist Dc6, Komodo -0,50}
37. Kxd3 Bd8??? {ein völlig absurder Verlustzug, was bitte soll das bringen
ausser einem Tempoverlust ?, danach ist die Partie sofort verloren, der
Rest ist ein Selbstläufer und muss nicht mehr kommentiert werden, der
weisse König kommt natürlich über c4 nach b5 und das war es, Komodo -2,70,
nötig war Kg6 mit nur geringem Vorteil für Weiss, klar dann kommt auch Kc4,
Kb5, aber dann könnte Schwarz mit Kh5 gefolgt von Lh4 kontern und hätte
noch sehr gute Remischancen, mein letzter Kommentar nach diesem absurden
Zug kann man sich den Rest schenken.} 38. Kc4 Kg8 39. Kb5 Kf8 40. Kc6 Ke8
41. a4 {Rest geschenkt, Schwarz hat einfach keinen einzigen Zug mehr noch
h6 dann h5 dann sind alle Bauern blockiert, wenn Kf8 folgt kommt Kd7 und
der Läufer wird vertrieben dann Kc7 und b6 fällt, sobald der Läufer zieht
fällt b6 ergo hoffnungslos.} 1-0
[/pgn]
[pgn]